| 000 | 00918nam0a22002531 4500 | ||
|---|---|---|---|
| 001 | rc\2787031 | ||
| 005 | 20250529165532.0 | ||
| 035 | _a(NLR Aleph) 006913223 | ||
| 090 |
_a7369211 _c7369211 |
||
| 100 | _a20110915d1935 |||y0rusy50 ca | ||
| 101 | 0 | _arus | |
| 102 | _aRU | ||
| 105 | _ay g ||||| | ||
| 200 | 1 |
_aСправочник заготовителя сельскохозяйственного сырья на 1935 год _fСост. Б. Л. Зингер, Б. В. Сергиевский |
|
| 210 |
_aАрхангельск _cСырьевое объединение Севкрайпотребсоюза _d1935 _gтип. им. т. Склепина |
||
| 215 |
_aОбл., 32 с. _d21х15 см. |
||
| 700 | 1 |
_aЗингер _bБ.Л. |
|
| 701 | 1 |
_aСергиевский _bБ.В. |
|
| 801 | 0 |
_aRU _bNLR _gpsbo |
|
| 801 | 1 |
_aRU _bELAR _2rusmarc |
|
| 852 |
_aNLR _j35-10/447 |
||
| 942 | _cBOOK | ||
| 980 | _aNB | ||